000 00576nam a2200193 i 4500
001 21249
003 ES-MaACL
005 20250812014739.0
007 t|
008 021122s1908 sp af ||||1| spa d
080 _a7.032(32)
100 1 _aAgrasot, Ricardo.
_918589
245 1 0 _aHistoria, teoría y técnica ornamental y decorativa de Egipto /
_cpor Ricardo Agrasot.
260 _aMadrid :
_bVillanueva y Geltrú,
_c1908 (
_fOliva)
300 _a1 v. :
_bil. ;
_c29 cm.
650 0 7 _aArte egipcio
_2embne
_910185
852 _aES-MaACL
_jB-11110
999 _c21249
_d21249